| 000 | 00393nam a2200145Ia 4500 | ||
|---|---|---|---|
| 008 | 150201s2010 xx 000 0 und d | ||
| 082 |
_a617.525 _bP2010V |
||
| 100 | _aVARGHESE,K.GEORGE | ||
| 245 | 2 | _aA PRACTICAL GUIDE TOTHE MANAGEMENT OF IMPACTED TEETH | |
| 250 | _a1ST | ||
| 260 |
_bQUINTESSENCE PUBLICATION _aDELHI _c2010 |
||
| 300 | _a1-248 | ||
| 650 | _aORAL SURGERY | ||
| 942 |
_2ddc _cBK _01 |
||
| 999 |
_c4809 _d4809 |
||